000 00521nam a22001697a 4500
999 _c8068
_d8068
003 GBCCL
005 20241126110642.0
008 190214b ||||| |||| 00| 0 eng d
040 _cGBC
082 _aARC LIA
_b1986
100 _aLiankhohau, T
_9196
245 _aThe Paite, A Transformed Community, and The Evangelical Convention Church |
_cT. Liankhohau
300 _a?
_b?
650 _aChristianity
_zManipur
_910493
650 _aPaite
_vSocial
_vCultural
_vEconomic
_vReligious
_xECC (EBC)
_zLamka
_914064
942 _2ddc
_cTH